[Event "Chess Siberia A"]
[Site "Novosibirsk"]
[Date "2017.06.29"]
[Round "8"]
[White "Popov, Roman"]
[Black "Petrukhina, Olga"]
[Result "1-0"]
[WhiteElo "2345"]
[BlackElo "2089"]
[PlyCount "75"]
[EventDate "2017.06.24"]
[EventType "tourn"]
[EventRounds "9"]
[EventCountry "RUS"]
[EventCategory "1"]
[SourceTitle "EXT 2018"]
[Source "ChessBase"]
[SourceDate "2017.10.13"]
[SourceVersion "1"]
[SourceVersionDate "2017.10.13"]
[SourceQuality "1"]

1. c4 e6 2. Nf3 d5 3. d4 Nf6 4. g3 Be7 5. Bg2 0-0 6. 0-0 dxc4 7. Qc2 a6 8. Qxc4 b5 9. Qc2 Bb7 10. Bd2 Be4 11. Qc1 Bb7 12. Bf4 Bd6 13. Nc3 c5 14. Rd1 c4 15. Be5 Bb4 16. Bxf6 Qxf6 17. a4 Bxc3 18. bxc3 Nd7 19. Ne5 Bxg2 20. Nxd7 Qe7 21. Nxf8 Bc6 22. axb5 Bxb5 23. Nxe6 fxe6 24. Qe3 Qd6 25. Qe5 Rd8 26. Qxd6 Rxd6 27. e4 Kf7 28. f3 g5 29. Kf2 Kg6 30. Ke3 Kf7 31. g4 Kg6 32. h4 h6 33. hxg5 hxg5 34. Rh1 e5 35. d5 Kg7 36. Rh5 Rg6 37. Rah1 Kf7 38. Rh8 1-0

[Event "Chess Siberia A"]
[Site "Novosibirsk"]
[Date "2017.06.27"]
[Round "5"]
[White "Popov, Roman"]
[Black "Antonenko, Vladimir Georgievic"]
[Result "0-1"]
[WhiteElo "2345"]
[BlackElo "2303"]
[PlyCount "90"]
[EventDate "2017.06.24"]
[EventType "tourn"]
[EventRounds "9"]
[EventCountry "RUS"]
[EventCategory "1"]
[SourceTitle "EXT 2018"]
[Source "ChessBase"]
[SourceDate "2017.10.13"]
[SourceVersion "1"]
[SourceVersionDate "2017.10.13"]
[SourceQuality "1"]

1. c4 f5 2. Nf3 Nf6 3. g3 g6 4. Bg2 Bg7 5. d4 0-0 6. 0-0 d6 7. Nc3 c6 8. Rb1 a5 9. a3 Na6 10. b4 axb4 11. axb4 Ne4 12. Nxe4 fxe4 13. Ng5 d5 14. cxd5 cxd5 15. f4 h6 16. Nh3 Nc7 17. e3 Bd7 18. Nf2 Ba4 19. Qg4 Ra6 20. Bb2 h5 21. Qe2 Bb5 22. Qd1 Bxf1 23. Bxf1 Rb6 24. Qb3 Kh7 25. b5 Rbf6 26. Ba3 g5 27. Nh3 Ne6 28. Qd1 gxf4 29. gxf4 Kh6 30. Kh1 Qd7 31. Rb2 Rg6 32. Bb4 Bh8 33. Be1 Rgg8 34. b6 Bf6 35. Bg3 Ng7 36. f5 Qxf5 37. Nf4 Qg4 38. Qxg4 hxg4 39. Be2 Nf5 40. Nxd5 Bg5 41. Bc4 e6 42. Nf4 Nxe3 43. Bxe6 Rg6 44. d5 Bxf4 45. Rf2 Kg5 0-1

[Event "Nabereznye Chelny op 8th"]
[Site "Nabereznye Chelny"]
[Date "2010.01.23"]
[Round "5"]
[White "Voitsekhovsky, Stanislav"]
[Black "Popov, Roman"]
[Result "1-0"]
[WhiteElo "2524"]
[BlackElo "2376"]
[PlyCount "71"]
[EventDate "2010.01.19"]
[EventType "swiss"]
[EventRounds "9"]
[EventCountry "RUS"]
[SourceTitle "CBM 134 Extra"]
[Source "ChessBase"]
[SourceDate "2010.03.03"]
[SourceVersion "1"]
[SourceVersionDate "2010.03.03"]
[SourceQuality "1"]

1. e4 e6 2. d3 d5 3. Nd2 c5 4. Ngf3 Nc6 5. g3 Nf6 6. Bg2 Be7 7. 0-0 b6 8. Re1 Bb7 9. c3 Qc7 10. a3 h6 11. b4 dxe4 12. dxe4 Nd7 13. e5 0-0-0 14. Qe2 g5 15. Nc4 Kb8 16. Rb1 Ka8 17. Nfd2 Rdf8 18. b5 Nd8 19. a4 Bxg2 20. Kxg2 Nb7 21. Nb3 f5 22. a5 bxa5 23. Ra1 Rb8 24. Nbxa5 Nxa5 25. Nxa5 Nb6 26. c4 g4 27. Nc6 Rb7 28. Bd2 Bg5 29. Ba5 Rh7 30. Bxb6 Qxb6 31. Ra6 Qc7 32. Rea1 Qc8 33. Qa2 Qc7 34. Nxa7 Rxa7 35. Rxa7+ Qxa7 36. Qb2 1-0

[Event "Regionalliga NO 0910"]
[Site "Bayern"]
[Date "2009.11.15"]
[Round "2.7"]
[White "Popov, Roman"]
[Black "Petzold, Vinzenz"]
[Result "1/2-1/2"]
[WhiteElo "1956"]
[BlackElo "2014"]
[PlyCount "89"]
[EventDate "2009.10.18"]
[EventType "team-tourn"]
[EventRounds "9"]
[EventCountry "GER"]
[SourceTitle "EXT 2011"]
[Source "ChessBase"]
[SourceDate "2010.11.26"]
[SourceVersion "1"]
[SourceVersionDate "2010.11.26"]
[SourceQuality "1"]
[WhiteTeam "Fuerth"]
[BlackTeam "Erlangen"]
[WhiteTeamCountry "GER"]
[BlackTeamCountry "GER"]

1. e4 c5 2. Nc3 Nc6 3. g3 g6 4. Bg2 Bg7 5. d3 d6 6. Nge2 Nf6 7. h3 0-0 8. 0-0 Rb8 9. a4 a6 10. Be3 b5 11. axb5 axb5 12. Qd2 b4 13. Nd1 Bb7 14. Bh6 Ra8 15. Rb1 Qc7 16. Bxg7 Kxg7 17. Ne3 Ra2 18. f4 Rfa8 19. f5 Ne5 20. g4 Qd8 21. g5 Nh5 22. Ng4 Nd7 23. fxg6 hxg6 24. Nh6 Ne5 25. d4 cxd4 26. Qxd4 f6 27. Nf4 Nxf4 28. Rxf4 Ra1 29. Rff1 Rxb1 30. Rxb1 Ba6 31. Ng4 Nxg4 32. hxg4 Rc8 33. gxf6+ Kf7 34. Ra1 Rxc2 35. Rxa6 Rc1+ 36. Bf1 Qc8 37. Qd5+ Kxf6 38. Qd4+ Kf7 39. Qf2+ Kg7 40. Ra5 Qxg4+ 41. Qg2 Qf4 42. Rd5 Qe3+ 43. Kh2 Qh6+ 44. Kg1 Qe3+ 45. Kh2 1/2-1/2

[Event "Saratov op"]
[Site "Saratov"]
[Date "2009.06.09"]
[Round "9"]
[White "Popov, Roman"]
[Black "Dmitriev, Igor"]
[Result "1/2-1/2"]
[WhiteElo "2347"]
[BlackElo "2346"]
[PlyCount "130"]
[EventDate "2009.06.01"]
[EventType "swiss"]
[EventRounds "9"]
[EventCountry "RUS"]
[SourceTitle "CBM 130 Extra"]
[Source "ChessBase"]
[SourceDate "2009.07.02"]
[SourceVersion "2"]
[SourceVersionDate "2009.07.15"]
[SourceQuality "1"]

1. d4 d6 2. c4 c5 3. d5 e5 4. e4 g6 5. Nc3 h5 6. f4 exf4 7. Bxf4 Bh6 8. Bxh6 Nxh6 9. Nf3 Bg4 10. Qd2 Nd7 11. 0-0-0 Qf6 12. Be2 Ne5 13. Rhf1 Bxf3 14. gxf3 g5 15. h4 gxh4 16. f4 Neg4 17. e5 Qe7 18. exd6 Qe3 19. Bd3 0-0-0 20. Rde1 Qxd2+ 21. Kxd2 h3 22. Rf3 h2 23. Rh3 Rxd6 24. Ne4 Ra6 25. Bb1 Rb6 26. b3 Kd8 27. Rxh5 Re8 28. Nxc5 Rxe1 29. Kxe1 Rf6 30. Nd3 Nf5 31. Ne5 Nfe3 32. Nf3 Ng2+ 33. Kd2 Rxf4 34. Nxh2 Rf2+ 35. Kc3 N4e3 36. Be4 Nf4 37. Rh8+ Kc7 38. Kd4 Nd1 39. Rh7 Ne2+ 40. Ke5 Ne3 41. Bf3 Ng1 42. Ke4 Nc2 43. Rxf7+ Kd6 44. Ng4 Rd2 45. Rxb7 Rd4+ 46. Kf5 Nxf3 47. Rxa7 Nh4+ 48. Kg5 Nf3+ 49. Kh5 Rf4 50. Ra6+ Ke7 51. Re6+ Kf7 52. Ne5+ Nxe5 53. Rxe5 Nd4 54. Kg5 Rf1 55. Re4 Rd1 56. Kf4 Nc2 57. Ke5 Ke7 58. c5 Rh1 59. d6+ Kd7 60. Kd5 Rh5+ 61. Kc4 Kc6 62. b4 Na3+ 63. Kd3 Rh3+ 64. Re3 Rxe3+ 65. Kxe3 Nc2+ 1/2-1/2

[Event "Saratov op"]
[Site "Saratov"]
[Date "2009.06.05"]
[Round "5"]
[White "Popov, Roman"]
[Black "Rodin, Mihail"]
[Result "1-0"]
[WhiteElo "2347"]
[BlackElo "2354"]
[PlyCount "117"]
[EventDate "2009.06.01"]
[EventType "swiss"]
[EventRounds "9"]
[EventCountry "RUS"]
[SourceTitle "CBM 130 Extra"]
[Source "ChessBase"]
[SourceDate "2009.07.02"]
[SourceVersion "2"]
[SourceVersionDate "2009.07.15"]
[SourceQuality "1"]

1. Nf3 d5 2. d4 Nf6 3. c4 e6 4. g3 Be7 5. Bg2 0-0 6. 0-0 dxc4 7. Qc2 a6 8. a4 Nc6 9. Qxc4 Qd5 10. Qxd5 exd5 11. Nc3 Re8 12. Bg5 Ne4 13. Bxe7 Nxc3 14. bxc3 Rxe7 15. e3 Bf5 16. Nd2 Rd8 17. c4 Nb4 18. cxd5 Bd3 19. Rfc1 Nxd5 20. Ra3 Be2 21. Ne4 b6 22. Nc3 Bc4 23. Nxd5 Bxd5 24. Rac3 Bxg2 25. Kxg2 Rdd7 26. a5 Kf8 27. Rc6 Ke8 28. axb6 cxb6 29. Rxb6 Ra7 30. Kf3 a5 31. Ra1 Re6 32. Rb5 a4 33. Ra3 Kd7 34. Rb4 Rea6 35. e4 Kc6 36. Ke3 Ra5 37. h4 h5 38. f4 g6 39. Rc4+ Kd6 40. d5 R5a6 41. Kd4 Kd7 42. e5 Ra8 43. Rb4 R8a7 44. Rb5 Kc7 45. Kc5 Kd7 46. Kb4 Kd8 47. Kc4 Kd7 48. Kd4 Rc7 49. Rb4 Rca7 50. Ke4 Ra5 51. Rd4 Ke7 52. f5 gxf5+ 53. Kxf5 R7a6 54. d6+ Kd7 55. Kf6 Ra7 56. g4 hxg4 57. Rxg4 Kc6 58. h5 Ra8 59. h6 1-0

[Event "Saratov op"]
[Site "Saratov"]
[Date "2009.06.04"]
[Round "4"]
[White "Shukh, Nikolai"]
[Black "Popov, Roman"]
[Result "1/2-1/2"]
[WhiteElo "2338"]
[BlackElo "2347"]
[PlyCount "116"]
[EventDate "2009.06.01"]
[EventType "swiss"]
[EventRounds "9"]
[EventCountry "RUS"]
[SourceTitle "CBM 130 Extra"]
[Source "ChessBase"]
[SourceDate "2009.07.02"]
[SourceVersion "2"]
[SourceVersionDate "2009.07.15"]
[SourceQuality "1"]

1. e4 e6 2. d4 d5 3. Nc3 Bb4 4. e5 Ne7 5. Qg4 Nf5 6. a3 h5 7. Qf4 Be7 8. Nf3 Nc6 9. Bd3 Ncxd4 10. Nxd4 g5 11. Bb5+ c6 12. Nxc6 bxc6 13. Bxc6+ Bd7 14. Qa4 Rc8 15. Bb5 Bxb5 16. Qxb5+ Kf8 17. Qd3 d4 18. Ne4 Qa5+ 19. Bd2 Qxe5 20. 0-0 g4 21. Ng3 Nh4 22. c3 Qd5 23. Qe4 Qxe4 24. Nxe4 f5 25. Ng5 dxc3 26. Nxe6+ Kf7 27. Bxc3 Rxc3 28. bxc3 Kxe6 29. Rfe1+ Kf6 30. Rab1 Bxa3 31. Rb7 Rc8 32. Rxa7 Rxc3 33. Kf1 f4 34. Ra6+ Kf5 35. Rh6 Kg5 36. Rhe6 Ng6 37. Rd1 Kf5 38. Ra6 Ne5 39. Rh6 Kg5 40. Re6 Rc5 41. Re1 Bb2 42. h3 gxh3 43. gxh3 Nf3 44. Rd1 Be5 45. Kg2 Nh4+ 46. Kh1 Ng6 47. Rg1+ Kf5 48. Rexg6 Ke4 49. R6g5 Kf3 50. Re1 Bd4 51. Rxc5 Bxc5 52. Re5 Bxf2 53. Rxh5 Kg3 54. Rh7 f3 55. h4 Be3 56. Rf7 f2 57. h5 Bf4 58. Rxf4 Kxf4 1/2-1/2

[Event "Saratov-ch"]
[Site "Saratov"]
[Date "2009.02.28"]
[Round "3"]
[White "Popov, Roman"]
[Black "Dmitriev, Igor"]
[Result "0-1"]
[WhiteElo "2340"]
[BlackElo "2338"]
[PlyCount "86"]
[EventDate "2009.02.26"]
[EventType "swiss"]
[EventRounds "9"]
[EventCountry "RUS"]
[SourceTitle "CBM 129 Extra"]
[Source "ChessBase"]
[SourceDate "2009.05.05"]
[SourceVersion "2"]
[SourceVersionDate "2009.05.20"]
[SourceQuality "1"]

1. Nf3 d6 2. d4 Bg4 3. e4 Nf6 4. Bd3 Nc6 5. c3 e5 6. d5 Ne7 7. h3 Bd7 8. c4 Ng6 9. Nc3 Be7 10. g3 0-0 11. h4 Bg4 12. Be2 Re8 13. Be3 h6 14. Nd2 Bd7 15. Nb3 c6 16. h5 Nf8 17. f3 cxd5 18. cxd5 a6 19. Nd2 b5 20. b4 Rc8 21. Rc1 N6h7 22. Nb3 Bg5 23. Qd2 f5 24. exf5 Bxf5 25. Na5 Bxe3 26. Qxe3 Nf6 27. Kf2 e4 28. f4 Bg4 29. Nc6 Qd7 30. Kg2 Bxe2 31. Qxe2 Nxd5 32. Nxd5 Rxc6 33. Qe3 Rxc1 34. Rxc1 Qf5 35. Qb3 Kh8 36. Qd1 e3 37. Qf3 e2 38. Kf2 Nd7 39. Ne3 Qf7 40. Qxe2 Nf6 41. Qc2 Qxh5 42. Qf5 Ne4+ 43. Kg1 Qf3 0-1

[Event "Novosibirsk Region op"]
[Site "Novosibirsk"]
[Date "2007.12.12"]
[Round "8"]
[White "Tuzhik, Artem"]
[Black "Popov, Roman"]
[Result "1/2-1/2"]
[WhiteElo "2316"]
[BlackElo "2358"]
[PlyCount "71"]
[EventDate "2007.12.05"]
[EventType "swiss"]
[EventRounds "9"]
[EventCountry "RUS"]
[SourceTitle "CBM 122 Extra"]
[Source "ChessBase"]
[SourceDate "2008.03.04"]
[SourceVersion "1"]
[SourceVersionDate "2008.03.04"]
[SourceQuality "1"]

1. d4 Nf6 2. Bg5 Ne4 3. Bf4 c5 4. f3 Nf6 5. dxc5 Qa5+ 6. Nc3 Qxc5 7. e4 d6 8. Qd2 a6 9. 0-0-0 e5 10. Be3 Qc7 11. g4 h6 12. Nge2 Be6 13. Ng3 g6 14. h4 Nbd7 15. Kb1 Nb6 16. h5 g5 17. Bxb6 Qxb6 18. Nd5 Bxd5 19. exd5 Rc8 20. c4 Bg7 21. Nf5 0-0 22. Ne7+ Kh8 23. Nxc8 Rxc8 24. Bd3 e4 25. Bxe4 Nxe4 26. fxe4 Rxc4 27. Rc1 Rb4 28. Rc8+ Kh7 29. b3 Rxb3+ 30. axb3 Qxb3+ 31. Kc1 Qa3+ 32. Kc2 Qa4+ 33. Kd3 Qd4+ 34. Ke2 Qxe4+ 35. Qe3 Qxg4+ 36. Qf3 1/2-1/2

[Event "Novosibirsk Region op"]
[Site "Novosibirsk"]
[Date "2007.12.11"]
[Round "7"]
[White "Popov, Roman"]
[Black "Garder, Igor"]
[Result "0-1"]
[WhiteElo "2358"]
[BlackElo "2267"]
[PlyCount "146"]
[EventDate "2007.12.05"]
[EventType "swiss"]
[EventRounds "9"]
[EventCountry "RUS"]
[SourceTitle "CBM 122 Extra"]
[Source "ChessBase"]
[SourceDate "2008.03.04"]
[SourceVersion "1"]
[SourceVersionDate "2008.03.04"]
[SourceQuality "1"]

1. d4 d5 2. c4 dxc4 3. e3 Nf6 4. Bxc4 e6 5. Nf3 c5 6. Qe2 Nc6 7. 0-0 a6 8. dxc5 Bxc5 9. Nbd2 b5 10. Bd3 Bb7 11. Nb3 Be7 12. Rd1 Qc7 13. a4 bxa4 14. Rxa4 Qb6 15. Nbd4 Nxd4 16. Rxd4 0-0 17. Rh4 Rfd8 18. e4 Nd7 19. Rh3 Nf8 20. Ne5 f6 21. Nc4 Qc7 22. e5 f5 23. Be3 Rab8 24. Bb6 Qc6 25. Rg3 Rd5 26. Ba5 Bh4 27. Rf3 Ng6 28. Qe3 Be7 29. Rc1 Nh4 30. Be2 Nxf3+ 31. Bxf3 Qb5 32. Bc7 Rf8 33. Qb6 Qxb6 34. Nxb6 Rc5 35. Rxc5 Bxc5 36. Bxb7 Bxb6 37. Bd6 Rd8 38. Kf1 a5 39. Ke2 Kf7 40. f4 Ba7 41. Ba6 Bb8 42. Ba3 Rd4 43. g3 Ba7 44. Bd3 a4 45. Bd6 h6 46. h4 g5 47. fxg5 hxg5 48. h5 Kg7 49. Bb5 Re4+ 50. Kf1 Bd4 51. Bc6 Re3 52. Bxa4 Bxe5 53. Bxe5+ Rxe5 54. Kf2 Re4 55. b3 Re5 56. Bc6 Kh6 57. Be8 Rc5 58. b4 Rc3 59. b5 e5 60. Bf7 Rc5 61. Be8 f4 62. g4 e4 63. Bc6 e3+ 64. Ke1 Rc2 65. Be4 Rb2 66. Bc6 Kg7 67. Kd1 Kf6 68. Ke1 Ke5 69. h6 Rh2 70. b6 Rxh6 71. b7 Rh8 72. Ke2 Rb8 73. Kd3 Kd6 0-1

[Event "Champions Challenge 223rd"]
[Site "Playchess.com INT"]
[Date "2007.11.03"]
[Round "1.2"]
[White "Strohhaeker, Raoul"]
[Black "Popov, Roman"]
[Result "0-1"]
[WhiteElo "2380"]
[BlackElo "2400"]
[PlyCount "72"]
[EventDate "2007.11.03"]
[EventType "k.o. (blitz)"]
[EventRounds "3"]
[EventCountry "GER"]
[SourceTitle "EXT 2010"]
[Source "ChessBase"]
[SourceDate "2010.11.25"]
[SourceVersion "1"]
[SourceVersionDate "2010.11.25"]
[SourceQuality "1"]

1. e4 c6 2. c4 e5 3. Nf3 d6 4. d4 Nd7 5. Nc3 Ngf6 6. d5 Be7 7. Bd3 0-0 8. 0-0 a5 9. b3 Qc7 10. Bg5 Re8 11. dxc6 bxc6 12. Bc2 Nc5 13. Qe2 Bg4 14. h3 Bh5 15. Rad1 Ne6 16. Bxf6 Bxf6 17. Qe3 Nd4 18. Bb1 Bxf3 19. gxf3 Qd7 20. Kg2 Ne6 21. Ne2 Bg5 22. Qc3 Qe7 23. Rh1 h6 24. a3 Qf8 25. h4 Bd8 26. Qd2 Bc7 27. Rdg1 Red8 28. Kf1 Kh8 29. f4 d5 30. exd5 cxd5 31. cxd5 exf4 32. Qc2 f5 33. dxe6 f3 34. Ng3 Rac8 35. Nxf5 Qxf5 36. Qxf5 Rd1# 0-1

[Event "Izmailov Memorial op 11th"]
[Site "Tomsk"]
[Date "2007.??.??"]
[Round "?"]
[White "Amonatov, Farrukh"]
[Black "Popov, Roman"]
[Result "1-0"]
[WhiteElo "2559"]
[BlackElo "2362"]
[PlyCount "51"]
[EventDate "2007.06.25"]
[EventType "swiss"]
[EventRounds "9"]
[EventCountry "RUS"]
[SourceTitle "EXT 2008"]
[Source "ChessBase"]
[SourceDate "2007.11.25"]
[SourceVersion "1"]
[SourceVersionDate "2007.11.25"]
[SourceQuality "1"]

1. e4 e6 2. d4 d5 3. Nc3 Bb4 4. e5 Ne7 5. a3 Bxc3+ 6. bxc3 c5 7. Qg4 0-0 8. Bd3 Qa5 9. Bd2 Nbc6 10. Nf3 f5 11. exf6 Rxf6 12. c4 Qa4 13. Qh5 Nf5 14. g4 Ncxd4 15. gxf5 dxc4 16. Be4 exf5 17. Ng5 h6 18. Bd5+ Kh8 19. Nf7+ Kh7 20. Nxh6 g6 21. Qh3 Qe8+ 22. Be3 Nxc2+ 23. Kd2 Kg7 24. Ng4 g5 25. Nxf6 Kxf6 26. Bxg5+ 1-0

[Event "Izmailov Memorial op 11th"]
[Site "Tomsk"]
[Date "2007.??.??"]
[Round "1"]
[White "Monastyrev, Stepan"]
[Black "Popov, Roman"]
[Result "1/2-1/2"]
[WhiteElo "1983"]
[BlackElo "2362"]
[PlyCount "157"]
[EventDate "2007.06.25"]
[EventType "swiss"]
[EventRounds "9"]
[EventCountry "RUS"]
[SourceTitle "EXT 2008"]
[Source "ChessBase"]
[SourceDate "2007.11.25"]
[SourceVersion "1"]
[SourceVersionDate "2007.11.25"]
[SourceQuality "1"]

1. Nf3 d5 2. d4 Nf6 3. g3 e6 4. Bg2 Nbd7 5. 0-0 b5 6. a4 b4 7. c4 bxc3 8. bxc3 Ba6 9. Qc2 c5 10. Re1 Rc8 11. Ba3 Be7 12. Nbd2 cxd4 13. Bxe7 Qxe7 14. Nxd4 0-0 15. e4 dxe4 16. Nxe4 Nxe4 17. Bxe4 Nf6 18. Bf3 Bc4 19. Rab1 Qc5 20. Re3 g6 21. Nb3 Qc7 22. Nd2 Bd5 23. Be2 Qa5 24. Rb5 Qc7 25. c4 Bc6 26. Rb2 Nd7 27. Ne4 Bxe4 28. Qxe4 Nc5 29. Qc2 Rb8 30. Rb5 a6 31. Rxb8 Rxb8 32. Bd1 a5 33. Qc3 Rb4 34. Kg2 Qc6+ 35. Kh3 Ne4 36. Qe1 Rxc4 37. f4 Nf6 38. Qxa5 Rd4 39. Rc3 Qh1 40. Bf3 Qf1+ 41. Bg2 Qa1 42. Rc8+ Kg7 43. Qc5 Nh5 44. Qe5+ f6 45. Rc7+ Kh6 46. Qe3 Qxa4 47. Bf3 Nxf4+ 48. gxf4 Rxf4 49. Rc6 g5 50. Rxe6 Qd7 51. Kg3 Qc7 52. Kg2 Qc2+ 53. Qe2 Qf5 54. Re4 Rxe4 55. Bxe4 Qf4 56. h3 f5 57. Bf3 Qd6 58. Qc2 Kg6 59. Qa2 Kf6 60. Qb2+ Qe5 61. Qb6+ Qe6 62. Qd8+ Kg6 63. Qa8 h5 64. Qa4 h4 65. Qc2 Qd6 66. Qf2 Qb4 67. Qe2 Kf6 68. Qc2 Qd6 69. Qc3+ Qe5 70. Qc6+ Qe6 71. Qc3+ Kg6 72. Qa5 Qd6 73. Qe1 Kf7 74. Bh5+ Kf6 75. Qc3+ Qe5 76. Qc6+ Qe6 77. Qc3+ Qe5 78. Qxe5+ Kxe5 79. Kf3 1/2-1/2

[Event "Izmailov Memorial op 11th"]
[Site "Tomsk"]
[Date "2007.??.??"]
[Round "?"]
[White "Popov, Roman"]
[Black "Belmeskin, Ilia"]
[Result "1-0"]
[WhiteElo "2362"]
[BlackElo "2131"]
[PlyCount "63"]
[EventDate "2007.06.25"]
[EventType "swiss"]
[EventRounds "9"]
[EventCountry "RUS"]
[SourceTitle "EXT 2008"]
[Source "ChessBase"]
[SourceDate "2007.11.25"]
[SourceVersion "1"]
[SourceVersionDate "2007.11.25"]
[SourceQuality "1"]

1. d4 Nf6 2. Nf3 e6 3. c4 d5 4. g3 c5 5. cxd5 exd5 6. Bg2 Nc6 7. 0-0 Be7 8. Nc3 0-0 9. Bg5 c4 10. Ne5 Be6 11. e3 Qc8 12. Bxf6 Bxf6 13. Nxd5 Bxd5 14. Bxd5 Nxe5 15. dxe5 Bxe5 16. Rc1 Bxb2 17. Rxc4 Qd7 18. Qf3 Rab8 19. Rb1 b5 20. Rf4 Bf6 21. Rxf6 gxf6 22. Rb4 f5 23. Rf4 Rb6 24. Rxf5 Kg7 25. h4 Qe7 26. Qg4+ Kh8 27. Qd4+ Kg8 28. Rg5+ Rg6 29. Re5 Qd8 30. Rf5 Qb6 31. Qf4 Qd6 32. Bxf7+ 1-0

[Event "Champions Challenge 178th"]
[Site "Playchess.com INT"]
[Date "2006.12.23"]
[Round "1.2"]
[White "Kowalski, Lukasz"]
[Black "Popov, Roman"]
[Result "0-1"]
[WhiteElo "2088"]
[BlackElo "2362"]
[PlyCount "90"]
[EventDate "2006.12.23"]
[EventType "k.o. (blitz)"]
[EventRounds "6"]
[EventCountry "GER"]
[SourceTitle "EXT 2008"]
[Source "ChessBase"]
[SourceDate "2007.11.25"]
[SourceVersion "1"]
[SourceVersionDate "2007.11.25"]
[SourceQuality "1"]

1. e4 c6 2. d4 d5 3. Nd2 dxe4 4. Nxe4 Bf5 5. Ng3 Bg6 6. Nh3 e6 7. Nf4 Qh4 8. c4 Bd6 9. Nxg6 hxg6 10. Be3 Bb4+ 11. Bd2 Bxd2+ 12. Qxd2 Nf6 13. Be2 Nbd7 14. 0-0-0 0-0-0 15. Qa5 Kb8 16. Rd3 Qf4+ 17. Kb1 Qxf2 18. c5 Nxc5 19. Qxc5 Rd5 20. Qc2 Qxg2 21. Rb3 Rd7 22. Bf3 Qxc2+ 23. Kxc2 Rxd4 24. Rd1 Rxh2+ 25. Kc1 Rxd1+ 26. Bxd1 Kc7 27. Re3 Nd5 28. Rf3 f5 29. Ne2 e5 30. Rg3 Ne7 31. Ng1 e4 32. Ne2 Kd6 33. Nf4 Rh6 34. Bb3 Ke5 35. Ne6 Kf6 36. Nd8 g5 37. Nxb7 f4 38. Rg1 e3 39. Nc5 f3 40. Rf1 g4 41. Nd3 Kf5 42. Bc2 Kg5 43. Ne5 e2 44. Re1 Kf4 45. Nd3+ Ke3 0-1